Loading...
Science - Biology | 0 | 5 | 1 | 2 | 45 | 107 | 126.00 | 0 | 0 |
Science - Other Science | 0 | 4 | 0 | 1 | 40 | 107 | 123.75 | 0 | 0 |
Science - Chemistry | 0 | 4 | 1 | 0 | 35 | 120 | 131.00 | 0 | 0 |
Geography | 0 | 3 | 0 | 0 | 30 | 92 | 110.00 | 0 | 0 |
Science - Physics | 0 | 3 | 1 | 1 | 25 | 116 | 138.00 | 0 | 0 |
Social Science | 0 | 2 | 0 | 1 | 20 | 125 | 131.00 | 0 | 0 |
History - American History | 0 | 2 | 0 | 1 | 20 | 112 | 127.00 | 0 | 0 |
History - World History | 0 | 2 | 0 | 0 | 20 | 123 | 134.50 | 0 | 0 |
Literature - World Literature | 0 | 2 | 0 | 0 | 20 | 153 | 161.50 | 0 | 0 |
Current Events | 0 | 1 | 0 | 0 | 10 | 127 | 127.00 | 0 | 0 |
Mythology | 0 | 1 | 0 | 0 | 10 | 155 | 155.00 | 0 | 0 |
Fine Arts - Other Fine Arts | 0 | 1 | 0 | 0 | 10 | 97 | 97.00 | 0 | 0 |
Literature - European Literature | 0 | 1 | 0 | 0 | 10 | 146 | 146.00 | 0 | 0 |
Philosophy | 0 | 1 | 0 | 0 | 10 | 120 | 120.00 | 0 | 0 |
Religion | 0 | 1 | 0 | 0 | 10 | 145 | 145.00 | 0 | 0 |
History - Other History | 0 | 1 | 0 | 1 | 10 | 136 | 136.00 | 0 | 0 |
History - European History | 0 | 1 | 0 | 0 | 10 | 144 | 144.00 | 0 | 0 |
Literature - British Literature | 0 | 0 | 0 | 0 | 0 | 0.00 | 0 | 0 | |
Other Academic | 0 | 0 | 1 | 0 | -5 | 0.00 | 0 | 0 |